Suomalainen urheiluhistoria - Statistics

General Stats
  • This quiz has been taken 180 times
  • The average score is 5 of 8
Answer Stats
Hint Answer % Correct
Milloin Rodman tuli Suomeen 2005
97%
Kuka toi Rodmanin Suomeen Aleksi Valavuori
95%
Missä hallissa Rodman pelasi Helsingin jäähalli
83%
Kukas sen Rodmanin toi Suomeen Aleksi Valavuori
63%
Kuka tuli Suomeen 2005 Dennis Rodman
61%
Missä joukkueessa Rodman pelasi Torpan Pojat
44%
Suurin urheilutapahtuma ikinä Rodman tuli Suomeen
6%
Mikä on isoin katastrofi urheiluhistoriassa Rodman ei tullut ensimmäisellä lennolla
3%
No matching quizzes found
Score Distribution
Percent of People with Each Score
Percentile by Number Answered
Your Score History
You have not taken this quiz